000 01172cam a22003497a 4500
003 CHAP
005 20220329141751.0
008 971013s1982 r 00010 d
010 _a73508
011 _a74480
035 _a84039
040 _cCHAP
082 _a633.11
_bH3
100 0 0 _aHanson, Haldore.
_952595
245 0 _aWheat in the Third World
260 _aBoulder, Co. :
_bWestview,
_c1982
300 _a174 p.
_b: ilus.
490 0 _aIAAS Development-oriented literature series
590 _aBATCH-UPD
_b10
_c20130110
_lUCH01
_h0339
590 _aBATCH-UPD
_b10
_c20130110
_lUCH01
_h2334
590 _aBATCH-UPD
_b10
_c20130410
_lUCH01
_h1624
590 _aBATCH-UPD
_b10
_c20130914
_lUCH01
_h0327
590 _aCONVERSION
_b10
_c20130109
_lUCH01
_h1340
650 1 4 _aTrigo.
_9114954
650 1 4 _aTrigo
_xPaíses subdesarrollados.
_9115073
700 0 _aAnderson, R. Glenn.
_95604
830 0 _aIAAS Development-oriented literature series
_957132
901 _aBK
942 _cLIBRO
949 _a633.11 H3
_bBC
_cLIBRO
_d33724000191227
_eLIBRO
_h67320
_i84039
_si
_t1650.00
949 _a633.11 H3
_bBC
_cLIBRO
_d33724000594594
_eLIBRO
_fc.2
_h93143
_i84039
_kDonaciØn
_sb
999 _c73508
_d73508